| 000 | 01710cam a22003131i 4500 | ||
|---|---|---|---|
| 003 | SA-RiAUC | ||
| 005 | 20260113142819.0 | ||
| 008 | 260103q19001999xx g 00000 ara c | ||
| 040 |
_aSA-RiKSU _bara _cSA-RiAUC _erda |
||
| 082 | 0 | 4 |
_a212.3 _qSA-RiAUC |
| 090 |
_aم ن 212.3 _bع د و |
||
| 100 | 1 |
_aالعدوي، محمد أحمد _eمؤلف. |
|
| 245 | 1 | 0 |
_aطريق الوصول إلى إبطال البدع بعلم الأصول : _bملخص كتاب الاعتصام للشاطبي ؛ يليه فصل الخطاب بين الشيخ مصطفى الحمامي والشيخ محمود خطاب / _cمحمد أحمد العدوي. |
| 250 | _aالطبعة الأولى. | ||
| 264 | 1 |
_a[مكان النشر غير محدد] : _b[الناشر غير محدد]، _c[بين 1900 و1999] |
|
| 264 | 3 |
_a[مكان الطبع غير محدد] : _bمطبعة السعادة |
|
| 300 |
_a120 صفحة ؛ _c24 سم |
||
| 336 |
_aنص _btxt _2rdacontent _3كتاب |
||
| 337 |
_aبدون وسيط _bn _2rdamedia |
||
| 338 |
_aمجلد _bnc _2rdacarrier |
||
| 600 | 1 | 7 |
_aالحمامي، مصطفى أبو يوسف، _dتوفي 1949 _2aucnm |
| 600 | 1 | 7 |
_aخطاب، محمود شيت، _d1919-1998 _2aucnm |
| 650 | 7 |
_aالبدع في الإسلام _2aucsh |
|
| 650 | 7 |
_aأصول الفقه الإسلامي _2aucsh |
|
| 700 | 1 | 2 |
_iمختصر لـ : _aالشاطبي، إبراهيم بن موسى بن محمد، _dتوفي 790 هجري. _tالاعتصام |
| 700 | 1 | 2 |
_iمع : _aالحمامي، مصطفى أبو يوسف، _dتوفي 1949. _tفصل الخطاب بين الشيخ مصطفى الحمامي والشيخ محمود خطاب. |
| 942 |
_2ddc _cRBOOK COPY _n0 |
||
| 949 |
_aSA-JeALM _d260103 _umohamedma123 _n1 |
||
| 999 |
_c14041 _d14041 |
||